<?xml version="1.0" encoding="UTF-8"?><?xml-stylesheet type="text/xsl" href="static/style.xsl"?><OAI-PMH xmlns="http://www.openarchives.org/OAI/2.0/" xmlns:xsi="http://www.w3.org/2001/XMLSchema-instance" xsi:schemaLocation="http://www.openarchives.org/OAI/2.0/ http://www.openarchives.org/OAI/2.0/OAI-PMH.xsd"><responseDate>2026-04-29T19:46:30Z</responseDate><request verb="GetRecord" identifier="oai:repisalud.isciii.es:20.500.12105/15596" metadataPrefix="marc">https://repisalud.isciii.es/rest/oai/request</request><GetRecord><record><header><identifier>oai:repisalud.isciii.es:20.500.12105/15596</identifier><datestamp>2026-03-23T19:27:15Z</datestamp><setSpec>com_20.500.12105_2052</setSpec><setSpec>com_20.500.12105_2051</setSpec><setSpec>col_20.500.12105_19608</setSpec></header><metadata><record xmlns="http://www.loc.gov/MARC21/slim" xmlns:dcterms="http://purl.org/dc/terms/" xmlns:doc="http://www.lyncode.com/xoai" xmlns:xsi="http://www.w3.org/2001/XMLSchema-instance" xsi:schemaLocation="http://www.loc.gov/MARC21/slim http://www.loc.gov/standards/marcxml/schema/MARC21slim.xsd">
   <leader>00925njm 22002777a 4500</leader>
   <datafield ind2=" " ind1=" " tag="042">
      <subfield code="a">dc</subfield>
   </datafield>
   <datafield ind2=" " ind1=" " tag="720">
      <subfield code="a">Gómez González, Laura</subfield>
      <subfield code="e">author</subfield>
   </datafield>
   <datafield ind2=" " ind1=" " tag="260">
      <subfield code="c">2022</subfield>
   </datafield>
   <datafield ind2=" " ind1=" " tag="520">
      <subfield code="a">Antecedentes: La salud humana y el ambiente que nos rodea están estrechamente relacionados. Diversos factores ambientales como la contaminación de aire, el ruido ambiental en los entornos urbanizados y las condiciones meteorológicas pueden provocar importantes efectos en la salud humana e impactar en la aparición, desarrollo o agravamiento de diversas enfermedades tales como enfermedades respiratorias, cardiovasculares, cáncer, neurológicas o psicológicas. En los últimos años numerosos estudios han confirmado la relación entre diversos trastornos mentales y factores como la contaminación química, ruido y variables meteorológicas. Esta asociación puede repercutir en aumentos de los ingresos hospitalarios urgentes por estas causas. Objetivo: Analizar el impacto de diversos factores ambientales sobre los ingresos hospitalarios urgentes a nivel diario por trastorno mental en la Comunidad de Madrid (CAM) en el periodo 2013-2028. Para ello se ha llevado a cabo un estudio ecológico longitudinal de series temporales analizadas mediante regresión de Poisson, siendo la variable dependiente los ingresos por trastorno mental no programados diarios en la CAM y las independientes contaminantes químicos, nivel de ruido y variables meteorológicas. Resultados: Se observó que los ingresos hospitalarios por patología mental se relacionan significativamente con el nivel de ruido diurno, las horas de luz, la velocidad del viento y la humedad relativa. La significación de la humedad relativa la consideramos en estos modelos como variable de confusión. Para las horas de luz la relación es negativa, es decir, que a menos horas de luz más ingresos. Los ingresos por patología mental en las mujeres se relacionan igualmente con las variables anteriores y en hombres el viento y las horas de luz resultaron igualmente significativas, no así el ruido. Conclusión: Los hallazgos obtenidos en este estudio muestran que el ruido es una variable relacionada con los ingresos hospitalarios por trastornos mentales en todos los grupos de edad en esta región. El porcentaje de ingresos por año atribuibles a esta variable supone un 4,72% del total. Las escasas horas de luz y la velocidad del viento han resultado igualmente significativas pudiendo interpretarse este hallazgo como indicador del efecto de la sensación térmica de frío. Los resultados de este estudio pueden servir de base para la elaboración de recomendaciones y&#xd;
planes de salud que consideren estas variables como factores de riesgo para la salud mental dada la prevalencia creciente a de los trastornos mentales, sobre todo para el caso del ruido, ya que el nivel de ruido depende fundamentalmente de las actividades antropogénicas en zonas altamente urbanizadas y con elevada densidad de tráfico.</subfield>
   </datafield>
   <datafield ind1="8" ind2=" " tag="024">
      <subfield code="a">http://hdl.handle.net/20.500.12105/15596</subfield>
   </datafield>
   <datafield tag="653" ind2=" " ind1=" ">
      <subfield code="a">Medio ambiente</subfield>
   </datafield>
   <datafield tag="653" ind2=" " ind1=" ">
      <subfield code="a">Ruido</subfield>
   </datafield>
   <datafield tag="653" ind2=" " ind1=" ">
      <subfield code="a">Trastorno mental</subfield>
   </datafield>
   <datafield tag="653" ind2=" " ind1=" ">
      <subfield code="a">Salud mental</subfield>
   </datafield>
   <datafield tag="653" ind2=" " ind1=" ">
      <subfield code="a">Ingresos hospitalarios</subfield>
   </datafield>
   <datafield ind2="0" ind1="0" tag="245">
      <subfield code="a">Impacto a corto plazo de factores ambientales sobre los ingresos por trastorno mental en la Comunidad de Madrid</subfield>
   </datafield>
</record></metadata></record></GetRecord></OAI-PMH>